书目信息 |
| 题名: |
糖尿病强化治疗学
|
|
| 作者: | 郎江明, , 魏爱生, 主编 | |
| 分册: | ||
| 出版信息: | 广州 广东科技出版社 2005 |
|
| 页数: | 267页,[2] 页图版 | |
| 开本: | 21cm | |
| 丛书名: | ||
| 单 册: | ||
| 中图分类: | R587.105 | |
| 科图分类: | ||
| 主题词: | 糖尿病--tang niao bing--治疗 , 内分泌病 , 代谢病 | |
| 电子资源: | ||
| ISBN: | 7-5359-3852-3 | |
| 000 | 00928nam0 2200289 450 | |
| 001 | CAL 012005104489 | |
| 005 | 20061120154617.07 | |
| 010 | @a7-5359-3852-3@dCNY 18.00@z7-5359-3826-4 | |
| 099 | @aCAL 012005104489 | |
| 100 | @a20050927d2005 em y0chiy0121 ea | |
| 101 | 0 | @achi |
| 102 | @aCN@b440000 | |
| 105 | @aacfka 001yy | |
| 200 | 1 | @a糖尿病强化治疗学@Atang niao bing qiang hua zhi liao xue@e胰岛素泵的临床应用@f主编郎江明,魏爱生 |
| 210 | @a广州@c广东科技出版社@d2005 | |
| 215 | @a267页,[2] 页图版@c图,肖像@d21cm | |
| 320 | @a有书目和索引 | |
| 517 | 1 | @a胰岛素泵的临床应用@Ayi dao su beng de lin chuang ying yong |
| 606 | 0 | @a糖尿病@Atang niao bing@x治疗 |
| 606 | 0 | @a内分泌病 |
| 606 | 0 | @a代谢病 |
| 690 | @aR587.105@v4 | |
| 701 | 0 | @a郎江明,@Alang jiang ming@f1954- @4主编 |
| 701 | 0 | @a魏爱生,@Awei ai sheng@f1964- @4主编 |
| 801 | @aCN@c20061120 | |
| 905 | @a10447@dR587.105@eL050 | |
| 998 | @aXJT | |
| 糖尿病强化治疗学:胰岛素泵的临床应用/主编郎江明,魏爱生.-广州:广东科技出版社,2005 |
| 267页,[2] 页图版:图,肖像;21cm |
| ISBN 7-5359-3852-3:CNY 18.00 |
| ● |
| 相关链接 |
|
|
|
正题名:糖尿病强化治疗学
索取号:R587.105/L050
 
预约/预借
| 序号 | 登录号 | 条形码 | 馆藏地/架位号 | 状态 | 备注 |
| 1 | 612347 | 206123470 | 自科库401/401自科库 19排1列4层/ [索取号:R587.105/L050] | 在馆 | |
| 2 | 612348 | 206123489 | 自科库401/401自科库 19排1列4层/ [索取号:R587.105/L050] | 在馆 | |
| 3 | 612349 | 206123498 | 自科库401/401自科库 19排1列4层/ [索取号:R587.105/L050] | 在馆 |